Подробности
| 000 -МАРКЕР |
| контрольное поле |
01810nam0a22002891 4500 |
| 001 - ИДЕНТИФИКАТОР ЗАПИСИ |
| контрольное поле |
rc\1069324 |
| 005 - ИДЕНТИФИКАТОР ВЕРСИИ |
| контрольное поле |
20260406123311.0 |
| 035 ## - ДРУГИЕ СИСТЕМНЫЕ НОМЕРА |
| Идентификатор записи |
(NLR Aleph) 006229444 |
| 100 ## - ДАННЫЕ ОБЩЕЙ ОБРАБОТКИ |
| Данные общей обработки |
20041129d1980 |||y0rusy50 ca |
| 101 0# - ЯЗЫК РЕСУРСА |
| Язык текста, звукозаписи и т.д. |
русский |
| 102 ## - СТРАНА ПУБЛИКАЦИИ ИЛИ ПРОИЗВОДСТВА |
| Страна публикации |
Российская Федерация |
| 105 ## - ПОЛЕ КОДИРОВАННЫХ ДАННЫХ: ТЕКСТОВЫЕ МАТЕРИАЛЫ, МОНОГРАФИЧЕСКИЕ |
| Кодированные данные о монографическом текстовом документе |
y ||||||||| |
| 200 1# - ЗАГЛАВИЕ И СВЕДЕНИЯ ОБ ОТВЕТСТВЕННОСТИ |
| Основное заглавие |
Система ведения сельского хозяйства в Северной Осетии и Чечено-Ингушетии |
| Первые сведения об ответственности |
[В.С. Галдин, В.Г. Николаевский, М.А. Бзиков и др. |
| Последующие сведения об ответственности |
Редкол.: Б.Н. Торчинов (пред.) и др.] |
| 210 ## - ПУБЛИКАЦИЯ, РАСПРОСТРАНЕНИЕ И ДР. |
| Место издания, распространения и т.д. |
Орджоникидзе |
| Имя издателя, распространителя и т. д. |
Сев.-Кавк. НИИ горн. и предгорн. сел. хоз-ва |
| Дата издания, распространения и т.д. |
1980 ( вып. дан. 1981) |
| 215 ## - ФИЗИЧЕСКАЯ ХАРАКТЕРИСТИКА |
| Специфическое обозначение материала и объем |
383 с. |
| Размеры |
22 |
| 300 ## - ОБЩИЕ ПРИМЕЧАНИЯ |
| Текст примечания |
Авт. указаны в содерж. |
| 300 ## - ОБЩИЕ ПРИМЕЧАНИЯ |
| Текст примечания |
В надзаг.: ВАСХНИЛ, Всерос. отд-ние, Сев.-Кавк. НИИ горн. и предгорн. сел. хоз-ва, Чеч.-Инг. гос. с.-х. опыт. станция |
| 421 #0 - ПРИЛОЖЕНИЕ |
| Встроенное поле |
2001#$aМодели типичных хозяйств для Северо-Осетинской и Чечено-Ингушской АССР |
| -- |
010$91300 |
| -- |
210##$d1980 |
| -- |
215##$a11 с. |
| -- |
899##$aNLR$j82-4/9849 |
| Заглавие |
Модели типичных хозяйств для Северо-Осетинской и Чечено-Ингушской АССР |
| 701 #1 - ИМЯ ЛИЦА - АЛЬТЕРНАТИВНАЯ ОТВЕТСТВЕННОСТЬ |
| Начальный элемент ввода |
Галдин |
| Часть имени, кроме начального элемента ввода |
В.С. |
| 702 #1 - ИМЯ ЛИЦА - ВТОРИЧНАЯ ОТВЕТСТВЕННОСТЬ |
| Начальный элемент ввода |
Торчинов |
| Часть имени, кроме начального элемента ввода |
Б.Н. |
| Расширение инициалов личного имени |
Борис Николаевич |
| Код отношения |
Редактор |
| 712 02 - НАИМЕНОВАНИЕ ОРГАНИЗАЦИИ - ВТОРИЧНАЯ ОТВЕТСТВЕННОСТЬ |
| Начальный элемент ввода |
Северо-Кавказский НИИ горного и предгорного сельского хозяйства |
| Идентифицирующий признак |
Орджоникидзе |
| Идентификатор авторитетной/нормативной записи |
RU\NLR\AUTH\8816047 |
| Системный номер авторитетной/нормативной записи |
305222 |
| 801 #0 - ИСТОЧНИК ЗАПИСИ |
| Страна |
Российская Федерация |
| Организация |
NLR |
| Правила каталогизации |
psbo |
| 801 #1 - ИСТОЧНИК ЗАПИСИ |
| Страна |
Российская Федерация |
| Организация |
ELAR |
| Источник данных |
rusmarc |
| 852 ## - МЕСТОНАХОЖДЕНИЕ И ШИФР ХРАНЕНИЯ |
| Идентификатор организации |
NLR |
| Шифр хранения (Call Number) |
81-5/5593 |
| 942 ## - ДОПОЛНИТЕЛЬНЫЕ ЭЛЕМЕНТЫ ЗАПИСИ (АБИС) |
| Тип экземпляра АБИС |
Книга |
| 980 ## - КОЛЛЕКЦИЯ |
| Название коллекции |
Национальная библиография |